| 000 | 00685cam a2200205 a 4500 | ||
|---|---|---|---|
| 020 | _a0393968030 | ||
| 020 | _a0393968081 (pbk.) | ||
| 040 | _cDLC | ||
| 082 | 0 | 0 | _a820.8 ABR 1996 A001 |
| 245 | 0 | 4 | _aThe Norton anthology of English literature. |
| 246 | 3 | 0 | _aAnthology of English literature |
| 246 | 3 | 0 | _aMajor authors |
| 250 | _a6th ed. | ||
| 260 |
_aNew York : _bNorton, _cc1996. |
||
| 300 |
_axxxv, 2667 p. : _bill., col. maps ; _c24 cm. + _e2 sound discs (digital ; 4 3/4 in.) |
||
| 500 | _aColored maps of England from Chaucer to Johnson and England in the 19th and 20th centuries on endpapers. | ||
| 650 | 0 | _aEnglish literature. | |
| 700 | 1 | _aAbrams, M. H. | |
| 942 | _cAEDBB | ||
| 999 |
_c11255 _d11255 |
||